[Event "18MCRE_F"]
[Site "?"]
[Date "2006.??.??"]
[Round "?"]
[White "Sochor, Frantisek"]
[Black "Pytlik, Lesek"]
[Result "1/2-1/2"]
[WhiteElo "2344"]
[BlackElo "2387"]
[PlyCount "105"]
[EventDate "2006.??.??"]
[EventType "corr"]

1. e4 d6 2. d4 Nf6 3. Nc3 g6 4. Nf3 Bg7 5. Be2 O-O 6. O-O c5 7. d5 Na6 8. Re1
Nc7 9. a4 b6 10. Bf4 Bb7 11. Bc4 a6 12. h3 Qd7 13. Qd3 Rad8 14. Rad1 Nh5 15.
Bh2 Bxc3 16. Qxc3 Qxa4 17. Nd2 Ng7 18. Bd3 Qd7 19. Nc4 b5 20. Nb6 Qe8 21. Be2
e5 22. dxe6 Ncxe6 23. Nd5 Bxd5 24. exd5 Nd4 25. Bg4 b4 26. Rxe8 bxc3 27. Rxd8
Rxd8 28. bxc3 Nb5 29. c4 Na3 30. Ra1 Nxc4 31. Be2 Nb6 32. c4 Ne8 33. Rxa6 Rb8
34. g4 Rb7 35. Kg2 Kf8 36. Bf4 Nd7 37. Ra2 f6 38. h4 Ne5 39. Bc1 f5 40. gxf5
gxf5 41. Ra6 Kg7 42. Bg5 Rd7 43. Bd2 Nf6 44. Bf4 Nf7 45. Bd3 Kg6 46. Kf1 Nh5
47. Be3 Ne5 48. Be2 f4 49. Bxc5 f3 50. Bd1 Nxc4 51. Bxf3 Kf5 52. Bb4 Nf4 53.
Ra8 1/2-1/2

[Event "18MCRE_F"]
[Site "?"]
[Date "2006.??.??"]
[Round "?"]
[White "Pytlik, Lesek"]
[Black "Privoznik, Lubos"]
[Result "1-0"]
[WhiteElo "2387"]
[BlackElo "2343"]
[PlyCount "87"]
[EventDate "2006.??.??"]
[EventType "corr"]

1. e4 d6 2. d4 g6 3. Nc3 Nf6 4. f4 Bg7 5. Nf3 O-O 6. Bd3 Nbd7 7. e5 Ne8 8. Ng5
Nb6 9. Be3 c6 10. O-O Nc7 11. f5 dxe5 12. fxg6 fxg6 13. Rxf8+ Qxf8 14. Nxh7 Qe8
15. dxe5 Nbd5 16. Bd2 Bxe5 17. Ng5 Bf5 18. Qf3 Qf8 19. Re1 Bd4+ 20. Kh1 Nxc3
21. bxc3 Bf6 22. Qg3 e5 23. Ne4 Bg7 24. Rf1 Qe7 25. Bg5 Qe6 26. Nf6+ Kf7 27.
Nh5 Nd5 28. c4 Nf6 29. Nxg7 Kxg7 30. Bxf6+ Kxf6 31. Qh3 Kg7 32. Bxf5 gxf5 33.
Rxf5 Qg6 34. Qf3 Rd8 35. h4 Rd4 36. h5 Qd6 37. g3 Qe6 38. Kg1 b6 39. c3 Rd6 40.
Rg5+ Kh7 41. Qe4+ Kh8 42. Rxe5 Rd1+ 43. Kg2 Rd2+ 44. Kf3 1-0

[Event "18MCRE_F"]
[Site "?"]
[Date "2006.??.??"]
[Round "?"]
[White "Sochor, Frantisek"]
[Black "Privoznik, Lubos"]
[Result "1-0"]
[WhiteElo "2344"]
[BlackElo "2343"]
[PlyCount "113"]
[EventDate "2006.??.??"]
[EventType "corr"]

1. e4 d6 2. d4 g6 3. Nc3 Nf6 4. Nf3 Bg7 5. Be2 O-O 6. O-O c6 7. a4 a5 8. Be3
Qc7 9. h3 e5 10. dxe5 dxe5 11. Bc4 Na6 12. Qe2 Qe7 13. Rad1 Nc5 14. Bc1 b6 15.
b3 Ra7 16. Qe3 Ne8 17. Ba3 Nd6 18. Be2 Ndb7 19. Nb1 Be6 20. Nbd2 Raa8 21. Nc4
Bxc4 22. Bxc4 Rad8 23. Ba6 Rxd1 24. Rxd1 Rd8 25. Rxd8+ Qxd8 26. Bxb7 Nxb7 27.
Qe2 Qc7 28. Qa6 Bf6 29. Nd2 Nd6 30. Bb2 Bg7 31. Qa8+ Qc8 32. Qxc8+ Nxc8 33. Nc4
f6 34. Bc1 Kf7 35. Be3 c5 36. f4 Ke6 37. fxe5 fxe5 38. Bf2 Bf6 39. Bg3 h5 40.
Bh2 g5 41. Kf1 Bg7 42. Ke2 Bf6 43. Kd3 Bg7 44. c3 Bf6 45. Bg3 Bg7 46. b4 Bf6
47. bxc5 bxc5 48. Bf2 Bd8 49. Bxc5 g4 50. hxg4 hxg4 51. Ne3 Bb6 52. Kc4 Bxc5
53. Kxc5 Nd6 54. c4 Nxe4+ 55. Kb6 g3 56. Kxa5 Nc3 57. Kb4 1-0

[Event "18MCRE_F"]
[Site "?"]
[Date "2006.??.??"]
[Round "?"]
[White "Privoznik, Lubos"]
[Black "Sykora, Josef"]
[Result "1/2-1/2"]
[WhiteElo "2343"]
[BlackElo "2389"]
[PlyCount "95"]
[EventDate "2006.??.??"]
[EventType "corr"]

1. Nf3 d5 2. g3 Nf6 3. Bg2 c6 4. O-O Bg4 5. c4 e6 6. d3 Be7 7. Nbd2 O-O 8. h3
Bh5 9. cxd5 cxd5 10. Nb3 Nc6 11. Be3 Rc8 12. Rc1 Nd7 13. Nbd4 Qa5 14. Qb3 Qa6
15. g4 Bg6 16. Qb5 Qxb5 17. Nxb5 a6 18. Nbd4 h6 19. Nxc6 bxc6 20. Bf4 c5 21.
Rfe1 Bf6 22. b3 Bb2 23. Rc2 Ba3 24. Nd2 Bb4 25. Ra1 Ba5 26. Rac1 Rfe8 27. a3
Ra8 28. b4 cxb4 29. Nb3 Bd8 30. axb4 Bg5 31. Bxg5 hxg5 32. Rc7 Nf6 33. Nd4 a5
34. bxa5 Rxa5 35. Nf3 Ra2 36. Bf1 Nh7 37. Kg2 Raa8 38. Kg3 f6 39. Nd4 Nf8 40.
e3 Kh7 41. Nb5 e5 42. Nd6 Red8 43. Nf5 Bxf5 44. gxf5 d4 45. Bg2 Ra6 46. Be4
Rad6 47. Ra1 R6d7 48. Rc6 1/2-1/2

[Event "18MCRE_F"]
[Site "?"]
[Date "2006.??.??"]
[Round "?"]
[White "Pravec, Ladislav"]
[Black "Firla, Stanislav"]
[Result "0-1"]
[WhiteElo "2401"]
[BlackElo "2362"]
[PlyCount "86"]
[EventDate "2006.??.??"]
[EventType "corr"]

1. d4 Nf6 2. c4 g6 3. Nc3 Bg7 4. e4 d6 5. Be2 O-O 6. Nf3 e5 7. O-O Nc6 8. d5
Ne7 9. Bg5 Nh5 10. Ne1 Nf4 11. Nd3 Nxe2+ 12. Qxe2 h6 13. Bd2 f5 14. f4 exf4 15.
Nxf4 g5 16. Ne6 Bxe6 17. dxe6 f4 18. Rad1 Ng6 19. Be1 Qc8 20. c5 dxc5 21. Rd7
c6 22. e5 Re8 23. Ne4 Rxe6 24. Nxc5 Bf8 25. Nxe6 Qxd7 26. Nxf8 Rxf8 27. Bc3 Qe6
28. a3 Rd8 29. Qe4 Ne7 30. Re1 b6 31. Qa4 Rd7 32. Qe4 a5 33. b4 axb4 34. axb4
Nd5 35. Bd2 Ra7 36. Rc1 Kg7 37. Be1 Ra3 38. Bf2 h5 39. Qc4 b5 40. Qc5 f3 41.
gxf3 Rxf3 42. Kh1 Nxb4 43. Bg1 Qg4 0-1

[Event "18MCRE_F"]
[Site "?"]
[Date "2006.??.??"]
[Round "?"]
[White "Zatrapa, Petr"]
[Black "Privoznik, Lubos"]
[Result "1/2-1/2"]
[WhiteElo "2321"]
[BlackElo "2343"]
[PlyCount "88"]
[EventDate "2006.??.??"]
[EventType "corr"]

1. e4 d6 2. d4 Nf6 3. Nc3 g6 4. f4 Bg7 5. Nf3 O-O 6. Bd3 Nbd7 7. O-O e5 8. fxe5
dxe5 9. d5 c6 10. dxc6 bxc6 11. Kh1 Qc7 12. Be3 Re8 13. Qe1 h6 14. Na4 Nf8 15.
Qh4 g5 16. Qe1 Ne6 17. b4 Nf4 18. Rd1 Be6 19. Nc5 a5 20. a3 axb4 21. axb4 Nxd3
22. cxd3 Bc8 23. Qc3 Bg4 24. h3 Bh5 25. Bg1 Nd7 26. Nb3 Reb8 27. Rb1 Ra4 28.
Nbd2 Rb5 29. Nc4 Bf8 30. Ne3 Qb7 31. Rbc1 Raxb4 32. Qxc6 Qxc6 33. Rxc6 Rb3 34.
g4 Bg6 35. Rd1 Rc5 36. Rxc5 Nxc5 37. Nxe5 Nxd3 38. Nxg6 fxg6 39. Nd5 Bd6 40.
Be3 Nf4 41. Bxf4 Bxf4 42. Nxf4 gxf4 43. Kg2 Rg3+ 44. Kh2 Re3 1/2-1/2

[Event "18MCRE_F"]
[Site "?"]
[Date "2006.??.??"]
[Round "?"]
[White "Kuta, Jiri"]
[Black "Zatrapa, Petr"]
[Result "1-0"]
[WhiteElo "2310"]
[BlackElo "2321"]
[PlyCount "101"]
[EventDate "2006.??.??"]
[EventType "corr"]

1. d4 f5 2. Nc3 Nf6 3. Bg5 d5 4. Bxf6 exf6 5. e3 Be6 6. Qf3 Qd7 7. Bb5 c6 8.
Bd3 Bd6 9. Nge2 g6 10. Nf4 Bf7 11. h3 Qe7 12. g4 Nd7 13. O-O-O O-O-O 14. a3
Rde8 15. gxf5 g5 16. Nh5 Rhg8 17. Rhe1 h6 18. e4 Nb6 19. Re2 Qd8 20. Rde1 dxe4
21. Nxe4 Be7 22. c3 Nd5 23. Rd2 Kb8 24. Bc4 Ka8 25. Rc2 Qc7 26. Bxd5 cxd5 27.
Nexf6 Bxf6 28. Rxe8+ Rxe8 29. Nxf6 Re1+ 30. Kd2 Qe7 31. Ng4 Re4 32. Nxh6 Rf4
33. Qe3 Re4 34. Qd3 Bh5 35. Ng4 Bxg4 36. hxg4 Rxg4 37. Qh3 Rh4 38. f6 Qd8 39.
Qe3 Re4 40. Qxg5 a6 41. Qf5 Qe8 42. Qxd5 Re6 43. c4 Rxf6 44. Kc3 Qf8 45. Kb3
Rxf2 46. Rxf2 Qxf2 47. Qe5 Ka7 48. Qd6 Qd2 49. Qc5+ Ka8 50. Qb6 Qd1+ 51. Kb4
1-0

[Event "18MCRE_F"]
[Site "?"]
[Date "2006.??.??"]
[Round "?"]
[White "Laurenc, Petr"]
[Black "Privoznik, Lubos"]
[Result "1/2-1/2"]
[WhiteElo "2484"]
[BlackElo "2343"]
[PlyCount "82"]
[EventDate "2006.??.??"]
[EventType "corr"]

1. d4 Nf6 2. c4 g6 3. Nc3 Bg7 4. e4 d6 5. Nf3 O-O 6. Be2 Na6 7. O-O c6 8. Re1
Qa5 9. h3 e5 10. Be3 exd4 11. Bxd4 Nc5 12. Qd2 Ne6 13. Be3 Rd8 14. Rad1 a6 15.
b4 Qc7 16. a3 b6 17. Nd4 b5 18. Rc1 Nxd4 19. Bxd4 Qe7 20. Qe3 Be6 21. c5 Ne8
22. Bxg7 Kxg7 23. cxd6 Nxd6 24. Qc5 Rac8 25. Bf1 h5 26. f4 Kf8 27. Qd4 Kg8 28.
Qf2 Kf8 29. e5 Nf5 30. Ne4 a5 31. g4 hxg4 32. hxg4 Nh6 33. g5 Nf5 34. bxa5 Ra8
35. Rxc6 Qxa3 36. Rc5 Rxa5 37. Rxb5 Rxb5 38. Bxb5 Nd4 39. Re3 Qc1+ 40. Bf1 Bg4
41. Nf6 Bf5 1/2-1/2

[Event "18MCRE_F"]
[Site "?"]
[Date "2006.??.??"]
[Round "?"]
[White "Pytlik, Lesek"]
[Black "Firla, Stanislav"]
[Result "1-0"]
[WhiteElo "2387"]
[BlackElo "2362"]
[PlyCount "93"]
[EventDate "2006.??.??"]
[EventType "corr"]

1. e4 c5 2. Nf3 d6 3. d4 cxd4 4. Nxd4 Nf6 5. Nc3 a6 6. Bg5 e6 7. f4 Qb6 8. Nb3
Nc6 9. Qf3 Bd7 10. O-O-O Be7 11. Bxf6 gxf6 12. Kb1 O-O-O 13. Qh5 Rdg8 14. g3
Rg7 15. Be2 Kb8 16. Rd2 Qc7 17. Rhd1 Bc8 18. a3 b6 19. Nd4 Bd7 20. Qh6 Rg6 21.
Qh3 Qc8 22. f5 Rg5 23. Nxc6+ Bxc6 24. Rd4 h5 25. a4 Bb7 26. Rc4 Qd7 27. Qf1 d5
28. exd5 Rxf5 29. dxe6 Qxe6 30. Rf4 Ra5 31. Bc4 Qe5 32. Bxf7 h4 33. gxh4 f5 34.
h5 Bg5 35. Rfd4 Rc5 36. Rd6 Rc7 37. Bb3 Rxh5 38. Rxb6 Rh6 39. Re1 Qd4 40. Rxh6
Bxh6 41. Qxf5 Bg7 42. Rd1 Qf6 43. Qa5 Qf8 44. Qb6 Qd8 45. Bd5 Bxc3 46. bxc3 Rd7
47. Rd4 1-0

[Event "18MCRE_F"]
[Site "?"]
[Date "2006.??.??"]
[Round "?"]
[White "Nejtek, Jiri"]
[Black "Pytlik, Lesek"]
[Result "1-0"]
[WhiteElo "2360"]
[BlackElo "2387"]
[PlyCount "91"]
[EventDate "2006.??.??"]
[EventType "corr"]

1. e4 d6 2. d4 Nf6 3. Nc3 g6 4. Nf3 Bg7 5. Be2 O-O 6. O-O c5 7. d5 Na6 8. Nd2
Nc7 9. a4 a6 10. f4 b6 11. Bf3 Rb8 12. Nc4 Bd7 13. e5 Nfe8 14. Re1 b5 15. axb5
axb5 16. Na5 b4 17. Ne4 Qc8 18. Kh1 Kh8 19. Be3 Nb5 20. Bf2 Qc7 21. Nc4 Bc8 22.
Ng3 Bh6 23. Ne2 e6 24. Nc1 Bb7 25. Ra5 Bxd5 26. Bxd5 Bxf4 27. Bf3 d5 28. Ne2
Bg5 29. Bxd5 exd5 30. Qxd5 Be7 31. Nf4 Ng7 32. Qe4 Nf5 33. Nd5 Qb7 34. g4 Nfd4
35. c3 Nc6 36. Raa1 bxc3 37. bxc3 Rfe8 38. Reb1 Bf8 39. Bh4 Qd7 40. Nf6 Qe6 41.
Nxe8 Nxc3 42. Nc7 Rxb1+ 43. Rxb1 Nxe4 44. Nxe6 fxe6 45. Rb6 Nd4 46. Nd6 1-0

[Event "18MCRE_F"]
[Site "?"]
[Date "2006.??.??"]
[Round "?"]
[White "Postl, Rostislav"]
[Black "Pytlik, Lesek"]
[Result "1/2-1/2"]
[WhiteElo "2319"]
[BlackElo "2387"]
[PlyCount "137"]
[EventDate "2006.??.??"]
[EventType "corr"]

1. e4 d6 2. d4 Nf6 3. Nc3 g6 4. Nf3 Bg7 5. Be2 O-O 6. O-O c5 7. d5 Na6 8. Re1
Nc7 9. a4 b6 10. h3 Bb7 11. Bc4 e6 12. Bg5 exd5 13. exd5 h6 14. Bf4 a6 15. Rb1
b5 16. axb5 axb5 17. Nxb5 Nxb5 18. Bxb5 Nxd5 19. Bh2 Qa5 20. Bf1 Rfd8 21. Nd2
Nb6 22. Ra1 Qxa1 23. Qxa1 Rxa1 24. Rxa1 Bd5 25. Ra6 Nc8 26. Nc4 Bxc4 27. Bxc4
d5 28. Bb5 Bxb2 29. Bc7 Rf8 30. Bc6 d4 31. Be5 f6 32. Bg3 Kg7 33. Bd5 Re8 34.
Be6 g5 35. Rc6 Ne7 36. Rc7 d3 37. cxd3 Be5 38. Rxc5 Rd8 39. Bc4 Ng6 40. Kf1 Nf4
41. Bxf4 Bxf4 42. Ra5 h5 43. Ra7+ Kg6 44. Bf7+ Kf5 45. g3 Be5 46. Ra4 Rd4 47.
Rxd4 Bxd4 48. Bxh5 Ke5 49. Ke2 f5 50. Be8 f4 51. Bh5 fxg3 52. fxg3 Kd6 53. Kf3
Ke6 54. Kg4 Kf6 55. Be8 Bc5 56. Bc6 Bb6 57. Bd5 Bd4 58. Bb7 Bc5 59. Bf3 Bf2 60.
Be4 Bc5 61. Bg2 Bb6 62. Bc6 Bc5 63. Kf3 Ke5 64. Be4 Bb6 65. Bb7 Bc5 66. Ke2 Bd6
67. Ke3 Bc5+ 68. Kf3 Bb6 69. Kg4 1/2-1/2

[Event "18MCRE_F"]
[Site "?"]
[Date "2006.??.??"]
[Round "?"]
[White "Firla, Stanislav"]
[Black "Postl, Rostislav"]
[Result "1/2-1/2"]
[WhiteElo "2362"]
[BlackElo "2319"]
[PlyCount "153"]
[EventDate "2006.??.??"]
[EventType "corr"]

1. c4 e5 2. Nc3 Nf6 3. Nf3 Nc6 4. g3 d5 5. cxd5 Nxd5 6. Bg2 Nb6 7. Rb1 Be7 8.
b4 a6 9. a3 O-O 10. O-O Be6 11. d3 Rb8 12. Bb2 f6 13. Na4 Nxa4 14. Qxa4 Qe8 15.
Nd2 Nd4 16. Qxe8 Nxe2+ 17. Kh1 Rfxe8 18. Rfe1 Bg4 19. Bd5+ Kf8 20. f3 Bf5 21.
Rxe2 Bxd3 22. Rbe1 Bxe2 23. Rxe2 c5 24. bxc5 Bxc5 25. Nb3 Be7 26. Be4 g6 27.
Na5 Rec8 28. f4 exf4 29. gxf4 f5 30. Bf3 Bd6 31. Nxb7 Bxf4 32. a4 Re8 33. Ba3+
Kf7 34. Nc5 Bd6 35. Bd5+ Kg7 36. Re6 Red8 37. Bc4 Bf8 38. Re1 Bxc5 39. Bxc5
Rbc8 40. Be7 Rd4 41. Bxa6 Rc2 42. a5 Ra2 43. Bc5 Rh4 44. Re7+ Kf6 45. Re2 Ra1+
46. Kg2 Rg4+ 47. Kf3 Rxa5 48. Be7+ Kg7 49. Bb7 Rb5 50. Bc6 Rb3+ 51. Kf2 Rf4+
52. Kg2 Rc3 53. Bb7 Rfc4 54. Bd5 Rc8 55. Bf3 Rc2 56. Bg5 Rxe2+ 57. Bxe2 h6 58.
Be3 Rc2 59. Bd4+ Kf7 60. Kf3 g5 61. h3 Kg6 62. Bb5 Rc8 63. Bd3 Rc7 64. Kf2 h5
65. Be5 Rc1 66. h4 gxh4 67. Bf4 Rc3 68. Bb5 Rc2+ 69. Kg1 h3 70. Be8+ Kf6 71.
Bxh5 Rc4 72. Bg3 Kg5 73. Bf3 Rc1+ 74. Kf2 Rb1 75. Ke3 Rb3+ 76. Kf2 f4 77. Bh2
1/2-1/2

[Event "18MCRE_F"]
[Site "?"]
[Date "2006.??.??"]
[Round "?"]
[White "Firla, Stanislav"]
[Black "Prepiora, Vaclav"]
[Result "0-1"]
[WhiteElo "2362"]
[BlackElo "2414"]
[PlyCount "126"]
[EventDate "2006.??.??"]
[EventType "corr"]

1. c4 e5 2. Nc3 Nf6 3. Nf3 Nc6 4. g3 d5 5. cxd5 Nxd5 6. Bg2 Nb6 7. a4 a5 8. d3
Be7 9. Be3 O-O 10. O-O Be6 11. Nd2 f5 12. Rc1 Rc8 13. f4 exf4 14. Bxf4 Qd4+ 15.
Kh1 Bf6 16. Nb5 Qd7 17. Nc4 Nd5 18. Bd2 Rcd8 19. Qe1 b6 20. b3 Rde8 21. Qf2 Ne5
22. h3 Ng6 23. Kh2 Nde7 24. Qf3 Bxc4 25. bxc4 c6 26. Nc3 Be5 27. Kh1 Qd6 28.
Be1 f4 29. Ne4 Qa3 30. Bd2 Nf5 31. Bxf4 Nxf4 32. gxf4 Bd4 33. Rfe1 Re6 34. c5
bxc5 35. Ng5 Ref6 36. Kh2 Be3 37. Rc4 Qa2 38. Rf1 Bd4 39. Rcc1 Kh8 40. Qh5 Rh6
41. Qf3 Ne3 42. Qe4 Qg8 43. Qe7 Nxf1+ 44. Rxf1 Rhf6 45. Be4 Rxf4 46. Rxf4 Rxf4
47. Nf3 Rf6 48. Qc7 Be3 49. Qxa5 Rf8 50. Qe1 Qa2 51. Bxc6 Rf6 52. Be4 Qc2 53.
Kg3 h5 54. Qa5 Rf8 55. Qe1 Qxa4 56. Qb1 Qa6 57. Kg2 g5 58. Qb2+ Qf6 59. Qxf6+
Rxf6 60. Bd5 Kg7 61. Kg3 Kh6 62. Be4 Bf4+ 63. Kg2 g4 0-1

[Event "18MCRE_F"]
[Site "?"]
[Date "2006.??.??"]
[Round "?"]
[White "Nejtek, Jiri"]
[Black "Toman, Antonin"]
[Result "1-0"]
[WhiteElo "2360"]
[BlackElo "2248"]
[PlyCount "111"]
[EventDate "2006.??.??"]
[EventType "corr"]

1. e4 e5 2. Nf3 Nc6 3. Bb5 a6 4. Ba4 Nf6 5. O-O Be7 6. Re1 b5 7. Bb3 O-O 8. h3
Bb7 9. d3 d6 10. a3 Na5 11. Ba2 c5 12. Nbd2 Nc6 13. Nf1 Bc8 14. c3 Be6 15. Bxe6
fxe6 16. Ng3 Nd7 17. Be3 d5 18. exd5 exd5 19. a4 Rb8 20. axb5 axb5 21. Qd2 Kh8
22. Ra6 Qc8 23. Rea1 Nb6 24. b3 d4 25. cxd4 cxd4 26. Bg5 Bb4 27. Qe2 Bc3 28.
R1a3 Qe6 29. Qe4 Nd5 30. Nh5 Rbe8 31. Bh4 Bb4 32. Ra1 Qd7 33. Bg3 Bc3 34. Nxg7
Kxg7 35. Nxe5 Qf5 36. Rxc6 Qxe4 37. Ra7+ Re7 38. dxe4 Rxa7 39. exd5 Ra3 40.
Rc7+ Kh6 41. d6 Ba5 42. Ra7 d3 43. Nxd3 Rxb3 44. Ne5 Bb6 45. Ra6 Bd8 46. Kh2
Kg7 47. Ra7+ Kg8 48. Rb7 Rb1 49. Ng4 Bg5 50. h4 Bf4 51. Bxf4 Rxf4 52. Kg3 Rf8
53. Nh6+ Kh8 54. Nf7+ Kg8 55. d7 Rd1 56. d8=Q 1-0

[Event "18MCRE_F"]
[Site "?"]
[Date "2006.??.??"]
[Round "?"]
[White "Kuta, Jiri"]
[Black "Firla, Stanislav"]
[Result "0-1"]
[WhiteElo "2362"]
[BlackElo "2310"]
[PlyCount "110"]
[EventDate "2006.??.??"]
[EventType "corr"]

1. d4 Nf6 2. c4 e6 3. Nf3 b6 4. a3 Ba6 5. Qc2 d5 6. cxd5 exd5 7. Nc3 c6 8. Bg5
Be7 9. g3 O-O 10. Bh3 Re8 11. O-O Nbd7 12. Rfe1 h6 13. Be3 Nf8 14. Ne5 Bb7 15.
Qa4 b5 16. Qc2 Bd6 17. f4 a5 18. Bf2 Ne6 19. Bf5 Qb6 20. e3 h5 21. Red1 Qc7 22.
Rac1 Rac8 23. Qe2 Qe7 24. Rc2 b4 25. Na4 bxa3 26. bxa3 Bxa3 27. Ra1 Bd6 28. Be1
Ra8 29. Rb2 Ra7 30. Rab1 Qc7 31. Qc2 Nd8 32. Rb6 Bc8 33. Bd3 Bh3 34. Bc3 Qe7
35. R6b3 h4 36. gxh4 Qe6 37. Be1 Ne4 38. Bxe4 dxe4 39. Qe2 Qf5 40. Rc1 Re6 41.
Bg3 Ree7 42. Rbb1 Bb4 43. Be1 f6 44. Nxc6 Qg6+ 45. Bg3 Nxc6 46. Rxc6 Qe8 47.
Rbc1 Reb7 48. d5 Ba3 49. Re1 Rb3 50. Qc4 Rab7 51. Nc5 R7b4 52. Qa6 Rb1 53. Ne6
Rb7 54. Qc4 Rxe1+ 55. Bxe1 Qh5 0-1

[Event "18MCRE_F"]
[Site "?"]
[Date "2006.??.??"]
[Round "?"]
[White "Prchly, Milos"]
[Black "Pravec, Ladislav"]
[Result "0-1"]
[WhiteElo "2269"]
[BlackElo "2401"]
[PlyCount "102"]
[EventDate "2006.??.??"]
[EventType "corr"]

1. d4 Nf6 2. c4 g6 3. Nc3 d5 4. cxd5 Nxd5 5. e4 Nxc3 6. bxc3 Bg7 7. Bc4 O-O 8.
Ne2 c5 9. O-O Nc6 10. Be3 Qc7 11. Rc1 e6 12. e5 Rb8 13. Ng3 b5 14. Be2 Rd8 15.
Qc2 b4 16. Rfd1 bxc3 17. Qxc3 cxd4 18. Rxd4 Rxd4 19. Bxd4 Bb7 20. f4 Qd8 21.
Be3 Ne7 22. Qa3 a5 23. Ba7 Ra8 24. Bc5 Nd5 25. Qb2 Bc6 26. Bd4 Rc8 27. Qd2 Bh6
28. Rf1 Rb8 29. a3 Qh4 30. Ba7 Nxf4 31. Qc2 Nxe2+ 32. Qxe2 Bb5 33. Qe4 Qxe4 34.
Nxe4 Ra8 35. Rb1 Bd3 36. Nf6+ Kg7 37. Rb3 Rxa7 38. Rxd3 Bf4 39. Nd7 Rb7 40. g3
Bg5 41. Kf2 Rb2+ 42. Kf3 Be7 43. h3 a4 44. Ke4 Rb3 45. Kd4 Bxa3 46. Rxb3 axb3
47. Kc3 b2 48. Kc2 Kh6 49. Nf6 Kg5 50. Nd7 h5 51. Nf6 h4 0-1

[Event "18MCRE_F"]
[Site "?"]
[Date "2006.??.??"]
[Round "?"]
[White "Laurenc, Petr"]
[Black "Firla, Stanislav"]
[Result "1/2-1/2"]
[WhiteElo "2484"]
[BlackElo "2362"]
[PlyCount "123"]
[EventDate "2006.??.??"]
[EventType "corr"]

1. e4 e5 2. Nf3 Nc6 3. Bc4 Bc5 4. c3 Nf6 5. d3 a6 6. O-O d6 7. Bb3 Ba7 8. Re1
O-O 9. h3 h6 10. Nbd2 Nh5 11. Nf1 Qf6 12. Be3 Nf4 13. d4 Ne7 14. N1h2 Neg6 15.
Ng4 Qe7 16. Qd2 h5 17. Ngh2 c5 18. a4 Bd7 19. a5 Bb5 20. Ba4 Rfd8 21. b3 Bxa4
22. Rxa4 Qd7 23. d5 Rf8 24. Qd1 f5 25. Ng5 fxe4 26. Nxe4 Qf7 27. Nf3 Qxd5 28.
Bxf4 Nxf4 29. Qxd5+ Nxd5 30. Rd1 Nf6 31. Nxd6 Rfd8 32. Raa1 c4 33. Nxc4 Ne4 34.
Rf1 Rd3 35. Rac1 Nxc3 36. Rc2 Nb5 37. Ncxe5 Rxb3 38. Rfc1 Nd6 39. Kf1 Re8 40.
Rd1 Ne4 41. Re1 Nc5 42. Rec1 Rb5 43. Nc4 Rf8 44. Re1 Nd3 45. Rd1 Nf4 46. h4 Ng6
47. Re1 Rc8 48. Rec1 Nf4 49. Ng5 Bxf2 50. Nd6 Rxc2 51. Rxc2 Rc5 52. Rxc5 Bxc5
53. Nxb7 Bb4 54. g3 Nd3 55. Ne6 Kf7 56. Nc7 Nc5 57. Nd8+ Kg6 58. Nc6 Bc3 59.
Ke2 Kf5 60. Kf3 Bd2 61. Nb8 Bxa5 62. Nbxa6 1/2-1/2

[Event "18MCRE_F"]
[Site "?"]
[Date "2006.??.??"]
[Round "?"]
[White "Toman, Antonin"]
[Black "Firla, Stanislav"]
[Result "0-1"]
[WhiteElo "2248"]
[BlackElo "2362"]
[PlyCount "116"]
[EventDate "2006.??.??"]
[EventType "corr"]

1. e4 e5 2. Nf3 Nc6 3. Bb5 a6 4. Ba4 Nf6 5. O-O Be7 6. Re1 b5 7. Bb3 d6 8. c3
O-O 9. h3 Bb7 10. d4 Re8 11. Nbd2 Bf8 12. a3 h6 13. Bc2 Nb8 14. a4 Nbd7 15. d5
c6 16. dxc6 Bxc6 17. axb5 axb5 18. Rxa8 Qxa8 19. Nh4 Nc5 20. Nf5 d5 21. exd5
Bxd5 22. Nf3 Nce4 23. Qe2 Nd6 24. Nxd6 Bxd6 25. Nh4 Qc6 26. Nf5 Bb8 27. Bd3 Bc4
28. Bxc4 bxc4 29. Rd1 Kh7 30. Ne3 Rc8 31. Ng4 Ne4 32. Qf3 Qg6 33. Ne3 Ba7 34.
Rd5 Rc5 35. Rxc5 Bxc5 36. Nxc4 Bxf2+ 37. Kf1 Bg3 38. b4 f5 39. Ke2 Nf6 40. Ne3
f4 41. Nd5 Ne8 42. Kd1 Nd6 43. c4 Ne4 44. Ne7 Qd6+ 45. Kc2 Nf2 46. Nd5 Qg6+ 47.
Kb3 Qb1+ 48. Bb2 Nd3 49. Qg4 Qxb2+ 50. Ka4 Qc2+ 51. Ka5 Nf2 52. Qd7 Qg6 53. Nc7
Qf6 54. c5 e4 55. Nd5 Qg5 56. c6 f3 57. gxf3 exf3 58. Qe6 Bc7+ 0-1

[Event "18MCRE_F"]
[Site "?"]
[Date "2006.??.??"]
[Round "?"]
[White "Toman, Antonin"]
[Black "Zatrapa, Petr"]
[Result "0-1"]
[WhiteElo "2248"]
[BlackElo "2321"]
[PlyCount "90"]
[EventDate "2006.??.??"]
[EventType "corr"]

1. e4 e5 2. Nf3 Nc6 3. Bb5 a6 4. Ba4 Nf6 5. O-O Be7 6. Re1 b5 7. Bb3 d6 8. d3
O-O 9. h3 Na5 10. Nbd2 Nxb3 11. axb3 Nd7 12. Nf1 f5 13. Ng3 f4 14. Nf5 Rf7 15.
d4 Bf6 16. Nh2 Qf8 17. Ng4 Bb7 18. c4 Bd8 19. Bd2 h5 20. Nh2 Nf6 21. Nh4 Nxe4
22. Ng6 Qe8 23. Qxh5 Rf6 24. Qh8+ Kf7 25. Nxe5+ dxe5 26. Qh5+ Kf8 27. Qh8+ Ke7
28. Qxg7+ Qf7 29. Bb4+ c5 30. Bxc5+ Nxc5 31. Qxf7+ Kxf7 32. dxc5 e4 33. Ng4 Re6
34. Red1 Bc6 35. Kf1 Bc7 36. Rd5 bxc4 37. bxc4 a5 38. Rad1 Rb8 39. Rh5 Kg7 40.
Rg5+ Rg6 41. Rgd5 Bxd5 42. cxd5 Rxb2 43. d6 Bd8 44. c6 f3 45. gxf3 exf3 0-1

[Event "18MCRE_F"]
[Site "?"]
[Date "2006.??.??"]
[Round "?"]
[White "Prepiora, Vaclav"]
[Black "Prchly, Milos"]
[Result "1-0"]
[WhiteElo "2414"]
[BlackElo "2269"]
[PlyCount "115"]
[EventDate "2006.??.??"]
[EventType "corr"]

1. e4 e5 2. Nf3 Nf6 3. Nxe5 d6 4. Nf3 Nxe4 5. d4 d5 6. Bd3 Nc6 7. O-O Be7 8.
Nbd2 Nxd2 9. Bxd2 O-O 10. c3 Bg4 11. Bf4 Bd6 12. Bxd6 Qxd6 13. Re1 Qf6 14. Re3
Rae8 15. Qb3 Rxe3 16. fxe3 Qe7 17. Re1 Bxf3 18. gxf3 Qh4 19. Re2 Qg5+ 20. Kh1
Nd8 21. c4 Qh5 22. Rf2 dxc4 23. Bxc4 c6 24. a4 b6 25. Qc3 c5 26. d5 Nb7 27. e4
Nd6 28. Bb5 Nxb5 29. axb5 Qh3 30. f4 Qd7 31. Qd3 Rd8 32. Rd2 Qg4 33. Qe3 Qd7
34. Qe2 Qh3 35. d6 Qe6 36. e5 Qf5 37. Qf3 Qb1+ 38. Kg2 Qg6+ 39. Kf2 Qe6 40. h3
f6 41. Qg4 Kf7 42. Qh4 Kg8 43. Kg2 Rd7 44. Qg3 g6 45. b3 Kf7 46. Qf3 Kg8 47.
Qe4 Kg7 48. Kh2 Kf7 49. Re2 Kg7 50. Qf3 Kg8 51. Qc6 Kf7 52. Qc8 fxe5 53. fxe5
Kg7 54. Qc6 Rf7 55. Qe4 Rf1 56. Qd3 Rf8 57. Qc4 Qd7 58. Qg4 1-0

[Event "18MCRE_F"]
[Site "?"]
[Date "2006.??.??"]
[Round "?"]
[White "Nejtek, Jiri"]
[Black "Laurenc, Petr"]
[Result "1-0"]
[WhiteElo "2360"]
[BlackElo "2484"]
[PlyCount "117"]
[EventDate "2006.??.??"]
[EventType "corr"]

1. e4 c5 2. Nf3 d6 3. d4 cxd4 4. Nxd4 Nf6 5. Nc3 a6 6. Be2 e5 7. Nb3 Be7 8. O-O
O-O 9. Be3 Be6 10. Qd2 Nbd7 11. a4 Rc8 12. a5 Qc7 13. Rfc1 Rfe8 14. Nd5 Qc6 15.
Bf3 Bxd5 16. exd5 Qc4 17. Qd3 Qh4 18. g3 Qh3 19. Qe2 Qf5 20. c4 e4 21. Bg2 Qg4
22. Qxg4 Nxg4 23. Bf4 f5 24. Nd4 g6 25. Ne6 Nge5 26. Bf1 Nf3+ 27. Kg2 g5 28.
Be3 Nf8 29. Rc3 Nxe6 30. dxe6 Bf6 31. Rb3 Rc7 32. Rd1 Be5 33. c5 dxc5 34. Rd7
Ne1+ 35. Kh1 f4 36. Bc4 Nd3 37. Bd2 Kf8 38. Rxc7 Bxc7 39. Rxb7 Re7 40. Kg2 Nb4
41. Bc3 f3+ 42. Kg1 e3 43. fxe3 f2+ 44. Kf1 Nc2 45. Rxc7 Rxc7 46. Kxf2 Rc6 47.
Kf3 Ke7 48. Ke4 Rd6 49. Bg7 Nb4 50. Kf5 Nc6 51. Bf6+ Ke8 52. Bc3 g4 53. Kf6 Ne7
54. e4 Ng6 55. Be2 Ne7 56. Bxg4 Kf8 57. Be2 Rc6 58. Bc4 Ng8+ 59. Ke5 1-0

[Event "18MCRE_F"]
[Site "?"]
[Date "2006.??.??"]
[Round "?"]
[White "Privoznik, Lubos"]
[Black "Prchly, Milos"]
[Result "1-0"]
[WhiteElo "2343"]
[BlackElo "2269"]
[PlyCount "79"]
[EventDate "2006.??.??"]
[EventType "corr"]

1. Nf3 Nf6 2. c4 e6 3. Nc3 d5 4. d4 c5 5. cxd5 Nxd5 6. e4 Nxc3 7. bxc3 cxd4 8.
cxd4 Bb4+ 9. Bd2 Bxd2+ 10. Qxd2 O-O 11. Bc4 b6 12. d5 Ba6 13. Bxa6 Nxa6 14. d6
f6 15. O-O e5 16. Nh4 Qd7 17. Nf5 Kh8 18. Qd5 Rac8 19. Rad1 Rc5 20. Qd2 Ra5 21.
f3 Nc5 22. Rf2 Ne6 23. Qe3 Rc5 24. h4 Rd8 25. Rfd2 Nf4 26. g3 Ne6 27. h5 Rc4
28. Rd5 Ng5 29. Rxe5 Nh3+ 30. Kg2 fxe5 31. Kxh3 Qe6 32. g4 Rcc8 33. Rd5 Rd7 34.
a4 Qf6 35. Kg3 Re8 36. g5 Qf7 37. h6 g6 38. Ne7 Rdxe7 39. dxe7 Qxe7 40. Qd2 1-0